• 首页
  • 本馆介绍
  • 公告通知
  • 最新文献
  • 馆藏检索
  • 电子资源
  • 读者导购
  • 参考咨询
  • 我的图书馆
  • 登录
  • 详细信息显示
  • 放入我的书架
  • 预约/预借图书
  • 作者相关作品
  • 分类相关作品
  • 丛书相关作品
  • 出版社相关作品

书目信息

  • 表格格式
  • 工作单格式
  • 卡片格式
题名:
有趣的生物教育研究
    
 
作者: 刘恕 , 曾中平 主编
分册:  
出版信息: 北京   北京燕山出版社  2006
页数: 165页
开本: 21cm
丛书名: 奇趣的生物百科
单 册:
中图分类: G633.91
科图分类:
主题词: 生物学--sheng wu xue--教学研究
电子资源:
ISBN: 7-5402-0225-4
000 01047nam 2200301 45
001 CAL 0120064071914
005 20061106144918.57
010    @a7-5402-0225-4@dCNY29.80
092    @aCN@b499767
099    @aCAL 0120064071914
100    @a20060719d2006 ekmy0chiy0121 ea
101 0  @achi
102    @aCN@b110000
105    @aa a 000yy
200 1  @a有趣的生物教育研究@Ayou qu de sheng wu jiao yu yan jiu@f刘恕等主编@Fliu shu , zeng zhong ping , xu qiong zhu bian
210    @a北京@c北京燕山出版社@d2006
215    @a165页@c图@d21cm
225 2  @a奇趣的生物百科@Aqi qu de sheng wu bai ke@v14@f李维德主编
320    @a有书目 (第165页)
330    @a 本书是学习研究生物的如门,它是从发法理论方面,提供一些实可性的方法去研究、去记录、去总结、找出现律。
410  0 @12001 @a奇趣的生物百科@v14
606 0  @a生物学@Asheng wu xue@x教学研究
690    @aG633.91@v4
701  0 @a刘恕@Aliu shu@4主编
701  0 @a曾中平@Azeng zhong ping@4主编
801  0 @aCN@bLZJBOOK@c20061106
905    @aBZT@dG633.91@e1
906    @dCNY29.80@n0@r1
    
    有趣的生物教育研究/刘恕等主编.-北京:北京燕山出版社,2006
    165页:图;21cm.-(奇趣的生物百科;14/李维德主编)
    
    
    ISBN 7-5402-0225-4:CNY29.80
    本书是学习研究生物的如门,它是从发法理论方面,提供一些实可性的方法去研究、去记录、去总结、找出现律。
●
相关链接 在五车中查询图书 在当当中查询图书 在豆瓣中查询图书


正题名:有趣的生物教育研究     索取号:G633.91/1         预约/预借

序号 登录号 条形码 馆藏地/架位号 状态 备注
1 520583   230099919   中心书库北库/ 北库029架A面5列5层70/ [索取号:G633.91/1] 在馆    
2 520584   230099918   中心书库北库/ 北库029架A面5列5层67/ [索取号:G633.91/1] 在馆    
3 520585   230100360   中心书库北库/ 北库029架A面5列5层74/ [索取号:G633.91/1] 在馆    
4 520586   230099917   中心书库北库/ 北库029架A面5列5层71/ [索取号:G633.91/1] 在馆    
5 520587   230099916   中心书库北库/ 北库029架A面5列5层68/ [索取号:G633.91/1] 在馆    
6 520588   230100359   中心书库北库/ 北库029架A面5列5层66/ [索取号:G633.91/1] 在馆    
7 520589   230100358   中心书库北库/ 北库029架A面5列5层73/ [索取号:G633.91/1] 在馆    
8 520590   230100357   中心书库北库/ 北库029架A面5列5层64/ [索取号:G633.91/1] 在馆    
9 531149   230112467   中心书库北库/ 北库029架A面5列5层65/ [索取号:G633.91/1] 在馆    
10 531150   230112466   中心书库北库/ 北库030架A面1列2层13/ [索取号:G633.91/1] 在馆    
11 531151   230112465   中心书库北库/ 北库029架A面5列5层69/ [索取号:G633.91/1] 在馆    
12 531152   230112464   中心书库北库/ 北库029架A面5列5层72/ [索取号:G633.91/1] 在馆    
13 531153   230112463   中心书库北库/ 北库030架A面1列2层7/ [索取号:G633.91/1] 在馆    
14 531154   230112462   中心书库北库/ 北库030架A面1列2层11/ [索取号:G633.91/1] 在馆    
15 531155   230112461   中心书库北库/ 北库030架A面1列2层10/ [索取号:G633.91/1] 在馆    
16 531156   230112460   中心书库北库/ 北库030架A面1列2层9/ [索取号:G633.91/1] 在馆    
17 531157   230112459   中心书库北库/ 北库030架A面1列2层8/ [索取号:G633.91/1] 在馆    
18 531158   230112458   中心书库北库/ 北库030架A面1列2层12/ [索取号:G633.91/1] 在馆    
山东省滨州职业学院图书馆 欢迎您!
大连网信软件有限公司© 版权所有